Russian and the CIS synthetic rubber and rubber goods market : analytical report.
| Format: | Book |
|---|---|
| Published: |
[Moscow]:
RBM-Eurokosmos,
1994.
|
| Subjects: |
| LEADER | 00474cam a2200157 7i4500 | ||
|---|---|---|---|
| 001 | 0000002755 | ||
| 005 | 19991025090000.0 | ||
| 002 | ##000004015 | ||
| 090 | 0 | 0 | |a B 678.7230947 |b RUS |
| 245 | 0 | 0 | |a Russian and the CIS synthetic rubber and rubber goods market : |b analytical report. |
| 260 | 0 | 0 | |a [Moscow]: |b RBM-Eurokosmos, |c 1994. |
| 300 | 0 | 0 | |a 40p. |
| 650 | 0 | 0 | |a Rubber goods |
| 650 | 0 | 0 | |a Rubber, Artifical |
| 651 | 0 | 0 | |a Russia |
| 999 | |a 0000004423 |b Book |c Open shelf |e Business Information Centre | ||